Contabilidad y gerenciar (Registro nro. 1383)
[ vista simple ]
| 000 -LEADER | |
|---|---|
| fixed length control field | 01466 a2200289 4500 |
| 001 - CONTROL NUMBER | |
| control field | 25433 |
| 005 - DATE AND TIME OF LATEST TRANSACTION | |
| control field | 20260407155538.0 |
| 008 - FIXED-LENGTH DATA ELEMENTS--GENERAL INFORMATION | |
| fixed length control field | 260407a2007 arg spa d |
| 003 - CONTROL NUMBER IDENTIFIER | |
| control field | AR-UNSa-BCEJYS |
| 040 ## - CATALOGING SOURCE | |
| Original cataloging agency | AR-UNSa-BCEJYS |
| Language of cataloging | spa |
| Transcribing agency | AR-UNSa-BCEJYS |
| 080 ## - UNIVERSAL DECIMAL CLASSIFICATION NUMBER | |
| Universal Decimal Classification number | 657.05 |
| Common auxiliary subdivision | Contabilidad de gestión (Contabilidad gerencial, control de gestión...) |
| 020 ## - INTERNATIONAL STANDARD BOOK NUMBER | |
| International Standard Book Number | 978-950-9445-32-1 |
| 100 1# - MAIN ENTRY--PERSONAL NAME | |
| Personal name | Telias, Alejandro J. |
| 245 10 - TITLE STATEMENT | |
| Title | Contabilidad y gerenciar |
| 264 #1 - PRODUCTION, PUBLICATION, DISTRIBUTION, MANUFACTURE, AND COPYRIGHT NOTICE | |
| Place of production, publication, distribution, manufacture | Buenos Aires : |
| Name of producer, publisher, distributor, manufacturer | Temas Grupo Editorial |
| Date of production, publication, distribution, manufacture, or copyright notice | 2007 |
| 300 ## - PHYSICAL DESCRIPTION | |
| Extent | 338 p. |
| Dimensions | 23 cm. |
| 505 ## - FORMATTED CONTENTS NOTE | |
| Formatted contents note | 1. El gerenciamiento y la necesidad de información - 2. El procesamiento de la información y los modelos contables - 3. Los informes contables - 4. Los estados contables consolidados - 5. El diagnóstico económico financiero de una organización - 6. Los informes y el entorno de la organización - 7. Las decisiones gerenciales y su reflejo en los informes contables - 8. Las presupuestación de las decisiones a futuro - 9. Casos prácticos de nivel inicial - 10. Casos prácticos integrales. |
| 590 ## - LOCAL NOTE (RLIN) | |
| Local note | niveau_biblio:m niveau_hierar:0 |
| 700 1# - ADDED ENTRY--PERSONAL NAME | |
| Personal name | Smurra, Ricardo F. |
| 700 1# - ADDED ENTRY--PERSONAL NAME | |
| Personal name | Alvira, María V. |
| 700 1# - ADDED ENTRY--PERSONAL NAME | |
| Personal name | Pahlen Acuña, Ricardo Jose María |
| 700 1# - ADDED ENTRY--PERSONAL NAME | |
| Personal name | Lucero, Víctor A. |
| 700 1# - ADDED ENTRY--PERSONAL NAME | |
| Personal name | Fano, Diego G. |
| 700 1# - ADDED ENTRY--PERSONAL NAME | |
| Personal name | Sánchez, Verónica A. |
| 856 41 - ELECTRONIC LOCATION AND ACCESS | |
| Uniform Resource Identifier | <a href="https://biblioeco.unsa.edu.ar/pmb/images/libros/Contabilidad para gerenciar.jpg">https://biblioeco.unsa.edu.ar/pmb/images/libros/Contabilidad para gerenciar.jpg</a> |
| Link text | Imagen de portada |
| Electronic format type | image/jpeg |
| 942 ## - ADDED ENTRY ELEMENTS (KOHA) | |
| Koha item type | |
| Withdrawn status | Lost status | Damaged status | Not for loan | Home library | Current library | Shelving location | Date acquired | Total checkouts | Full call number | Barcode | Date last seen | Price effective from | Koha item type |
|---|---|---|---|---|---|---|---|---|---|---|---|---|---|
| Biblioteca Prof. Eusebio Cleto del Rey | Biblioteca Prof. Eusebio Cleto del Rey | 07/04/2026 | 657.05 C759 | L117690 | 07/04/2026 | 07/04/2026 | Libro |